Arranjament de pistes forestals de la xarxa viària bàsica del Pla municipal de prevenció d’incendis forestals : fitxa 2 fitxa 2
Publicado:
Barcelona :
Diputació de Barcelona. Oficina Tècnica Municipal de Prevenció d'Incendis Forestals ,
2001
Descripción Física:
[8] p. : il. col. ; 29 cm
Materias:
Incendis forestals -- Catalunya
MARC
| LEADER | 00000nam a2200000Ia 4500 | ||
|---|---|---|---|
| 001 | 23763 | ||
| 008 | 160829s2001 xx 000 0 cat d | ||
| 080 | |a FU-60-29 | ||
| 245 | |a Arranjament de pistes forestals de la xarxa viària bàsica del Pla municipal de prevenció d’incendis forestals : |b fitxa 2 | ||
| 260 | |a Barcelona : |b Diputació de Barcelona. Oficina Tècnica Municipal de Prevenció d'Incendis Forestals, |c 2001 | ||
| 300 | |a [8] p. : |b il. col. ; |c 29 cm | ||
| 650 | 0 | |a Incendis forestals |x Catalunya |9 30778 | |
| 710 | |a Barcelona (Catalunya : Província). |b Oficina Tècnica de Prevenció Municipal d'Incendis Forestals |9 9456 | ||
| 901 | |a Arxiu | ||
| 942 | |n 1 | ||
| 952 | |0 0 |1 0 |4 0 |6 FU6029 |7 1 |9 55316 |a Arxiu |b Arxiu |d 2016-12-01 |l 0 |o FU-60-29 |p 23763 |r 2016-12-01 00:00:00 |w 2016-12-01 |y ARXIU | ||
| 999 | |c 59189 |d 59189 | ||